| 000 | 01835nam a22003614a 4500 | ||
|---|---|---|---|
| 001 | ebr10188798 | ||
| 003 | CaPaEBR | ||
| 006 | m u | ||
| 007 | cr cn||||||||| | ||
| 008 | 070320s2007 njua sb 001 0 eng | ||
| 010 | _z 2007011847 | ||
| 016 | 7 |
_z101302397 _2DNLM |
|
| 020 | _z9789812704078 (hardcover) | ||
| 020 | _z9812704078 (hardcover) | ||
| 040 |
_aCaPaEBR _cCaPaEBR |
||
| 035 | _a(OCoLC)648317015 | ||
| 050 | 1 | 4 |
_aRC280.R4 _bC43 2007eb |
| 082 | 0 | 4 |
_a616.99/446 _222 |
| 100 | 1 | _aChan, Chi-Chao. | |
| 245 | 1 | 0 |
_aPrimary intraocular lymphoma _h[electronic resource] / _cChi-Chao Chan, John A. Gonzales. |
| 260 |
_aHackensack, NJ : _bWorld Scientific, _cc2007. |
||
| 300 |
_axv, 284 p. : _bill. (chiefly col.). |
||
| 504 | _aIncludes bibliographical references and indexes. | ||
| 505 | 0 | _aDefinition of primary intraocular lymphoma -- History of primary intraocular lymphoma (1950s-1970s) -- Classification of lymphomas -- Epidemiology of primary intraocular lymphoma -- Clinical manifestations of PIOL -- Imaging -- Pathology -- Immunology of PIOL -- Diagnostic approaches -- Management and treatment of PIOL -- Prognosis in PIOL -- Hypotheses on the origin of PIOL -- Experimental models of PIOL -- Summary and algorithm -- The future of PIOL -- Case illustrations. | |
| 530 | _aTable of contents also issued online. | ||
| 533 |
_aElectronic reproduction. _bPalo Alto, Calif. : _cebrary, _d2013. _nAvailable via World Wide Web. _nAccess may be limited to ebrary affiliated libraries. |
||
| 650 | 0 |
_aReticulo-endothelial system _xTumors. |
|
| 650 | 0 | _aLymphomas. | |
| 655 | 7 |
_aElectronic books. _2local |
|
| 700 | 1 | _aGonzales, John A. | |
| 710 | 2 | _aebrary, Inc. | |
| 856 | 4 | 0 |
_uhttp://site.ebrary.com/lib/rucke/Doc?id=10188798 _zAn electronic book accessible through the World Wide Web; click to view |
| 999 |
_c149129 _d149129 |
||